Städte in Tschechien - Sudden Death - Statistiken

Allgemein
  • Dieses Quiz wurde 195 mal gespielt
  • Das Durchschnittsergebnis liegt bei 7 aus 15
Answers on the Grid
Answers color-coded by a green-red scale on the quiz's grid according to % correct below.
Prag
Brünn
Ostrau
Olmütz
Pilsen
Ustí nad Labem
Budweis
Jihlava
Karlsbad
Zlin
Krumau an der Moldau
Kladno
Pardubice
Znojmo
Maribor
Katowice
Posen
Nitra
Kaschau
Sopron
Olbernhau
Banská Bistrica
Legnica
Budyšin
Pirna
Craiova
Niš
Tuzla
Bratislava
Opava
 
Antwortstatistiken
Antwort % Korrekt
Prag
86%
Pilsen
79%
Karlsbad
69%
Brünn
66%
Budweis
62%
Olmütz
49%
Ostrau
49%
Ustí nad Labem
49%
Jihlava
38%
Pardubice
31%
Krumau an der Moldau
28%
Kladno
26%
Zlin
26%
Opava
17%
Znojmo
15%
Keine übereinstimmenden Quizze gefunden
Verteilung der Resultate
Anzahl Personen mit jedem Resultat
Perzentil nach korrekt beantworteten Fragen
Ihre Resultats-Entwicklung
Sie haben dieses Quiz noch nicht gespielt